Alberta MLAs of the 29th Legislature - Statistics

General Stats
  • This quiz has been taken 5 times
  • The average score is 57 of 90
Answer Stats
Riding Positions in Government Beyond MLA Term Party Affiliation(s) Name % Correct
Airdrie Official Opposition Deputy Whip May 5, 2015 - Present Wildrose Party (2015-2017), United Conservative Party (2017-Present) Angela Pitt
100%
Fort McMurray-Conklin Leader of the Official Opposition, Leader of the Wildrose Party May 5, 2015 - March 5, 2018 Wildrose Party (2015-2017), United Conservative Party (2017-2018) Brian Jean
100%
Edmonton-Decore N/A May 5, 2015 - Present Alberta New Democratic Party Chris Nielsen
100%
Edmonton-Centre N/A May 5, 2015 - Present Alberta New Democratic Party David Shepherd
100%
Peace River Deputy Speaker, Chair of Committees May 5, 2015 - Present Alberta New Democratic Party Debbie Jabbour
100%
Strathmore-Brooks N/A May 5, 2015 - Present Wildrose Party (2015-2016), Independent (2016), Wildrose Party (2016-2017), United Conservative Party (2017), Independent (2017-Present) Derek Fildebrandt
100%
Calgary-Mountain View Leader of the Official Opposition, Leader of the Alberta Liberal Party November 22, 2004 - Present Alberta Liberal Party (Dr.) David Swann
100%
Cypress-Medicine Hat N/A April 23, 2012 - Present Wildrose Party (2012-2017), United Conservative Party (2017-Present) Drew Barnes
100%
Stony Plain N/A May 5, 2015 - Present Alberta New Democratic Party Erin Babcock
100%
Strathcona-Sherwood Park Government Whip May 5, 2015 - Present Alberta New Democratic Party Estefania Cortes-Vargas
100%
Calgary-Elbow Leader of Alberta Party, Alberta Party Opposition House Leader May 5, 2015 - Present Alberta Party Greg Clark
100%
Edmonton-Manning Deputy Chair of Committees May 5, 2015 - Present Alberta New Democratic Party Heather Sweet
100%
Edmonton-Highlands-Norwood Leader of the Alberta New Democratic Party, Minister of Transportation, Minister of Infrastructure, Government House Leader June 12, 2000 - Present Alberta New Democratic Party (Hon.) Brian Mason
100%
Edmonton-Mill Woods Minister of Labour, Minister Responsible for Democratic Renewal May 5, 2015 - Present Alberta New Democratic Party (Hon.) Christina Gray
100%
Lesser Slave Lake Minister of Children's Services, Deputy Government House Leader May 5, 2015 - Present Alberta New Democratic Party (Hon.) Danielle Larivee
100%
Edmonton-Calder Minister of Education April 23, 2012 - Present Alberta New Democratic Party (Hon.) David Eggen
100%
Edmonton-Beverly-Clareview Minister of Economic Development and Trade April 23, 2012 - Present Alberta New Democratic Party (Hon.) Deron Bilous
100%
Calgary-McCall Minister of Community and Social Services May 5, 2015 - Present Alberta New Democratic Party (Hon.) Irfan Sabir
100%
Calgary-Lougheed Leader of the Official Opposition, Leader of the Progressive Conservative Party, Leader of the United Conservative Party January 4, 2018 - Present United Conservative Party (Hon.) Jason Kenney
100%
Calgary-Fort President of Treasury Board and Minister of Finance May 5, 2015 - Present Alberta New Democratic Party (Hon.) Joe Ceci
100%
Edmonton-Gold Bar Minister of Advanced Education May 5, 2015 - Present Alberta New Democratic Party (Hon.) Marlin Schmidt
100%
Whitecourt-Ste. Anne Minister of Agriculture and Forestry May 5, 2015 - Present Alberta New Democratic Party (Hon.) Oneil Carlier
100%
Edmonton-Strathcona Premier, Leader of Alberta New Democratic Party March 3, 2008 - Present Alberta New Democratic Party (Hon.) Rachel Notley
100%
Calgary-Cross Minister of Culture and Tourism May 5, 2015 - Present Alberta New Democratic Party (Hon.) Ricardo Miranda
100%
Edmonton-Rutherford Minister of Indigenous Relations, Deputy Government House Leader May 5, 2015 - Present Alberta New Democratic Party (Hon.) Richard Feehan
100%
Medicine Hat Speaker of the House May 5, 2015 - Present Alberta New Democratic Party (Hon.) Robert Wanner
100%
Calgary-North West Minister of Infrastructure April 23, 2012 - Present Progressive Conservative Party (2012-2016), Alberta New Democratic Party (2016-Present) (Hon.) Sandra Jansen
100%
Edmonton-Glenora Minister of Health, Deputy Premier May 5, 2015 - Present Alberta New Democratic Party (Hon.) Sarah Hoffman
100%
Leduc-Beaumont Minister of Municipal Affairs May 5, 2015 - Present Alberta New Democratic Party (Hon.) Shaye Anderson
100%
Calgary-Varsity Minister of Status of Women, Minister of Service Alberta May 5, 2015 - Present Alberta New Democratic Party (Hon.) Stephanie McLean
100%
Calgary-Northern Hills N/A May 5, 2015 - Present Alberta New Democratic Party Jamie Kleinsteuber
100%
Rimbey-Rocky Mountain House-Sundre Leader of the Official Opposition, Official Opposition House Leader May 5, 2015 - Present Wildrose Party (2015-2017), United Conservative Party (2017-Present) Jason Nixon
100%
Edmonton-Meadowlark N/A May 5, 2015 - Present Alberta New Democratic Party Jon Carson
100%
Calgary-Mackay-Nose Hill N/A May 5, 2015 - Present Alberta New Democratic Party (2015-2017), Alberta Party (2017-Present) Karen McPherson
100%
Chestermere-Rocky View Deputy Leader of the Official Opposition May 5, 2015 - Present Wildrose Party (2015-2017), United Conservative Party (2017-Present) Leela Aheer
100%
Edmonton-McClung N/A May 5, 2015 - Present Alberta New Democratic Party Lorne Dach
100%
Calgary-Greenway Minister of Service Alberta, Minister of Human Services March 3, 2008 - November 23, 2015 Progressive Conservative Party Manmeet Bhullar
100%
St. Albert N/A May 5, 2015 - Present Alberta New Democratic Party Marie Renaud
100%
Calgary-Hawkwood N/A May 5, 2015 - Present Alberta New Democratic Party Michael Connolly
100%
Olds-Didsbury-Three Hills Leader of the Official Opposition, Interim Leader of the United Conservative Party May 5, 2015 - Present Wildrose Party (2015-2017), United Conservative Party (2017-Present) Nathan Cooper
100%
Edmonton-Castle Downs N/A May 5, 2015 - Present Alberta New Democratic Party Nicole Goehring
100%
Livingstone-Macleod N/A April 23, 2012 - Present Wildrose Party (2012-2017), United Conservative Party (2017-Present) Pat Stier
100%
Calgary-Foothills N/A September 3, 2015 - Present Wildrose Party (2015-2017), United Conservative Party (2017-Present) Prasad Panda
100%
Calgary-Hays Interim Leader of Progressive Conservative Party, Minister of Jobs, Skills, Training and Labour, Minister of Infrastructure, Minister of Transportation, Official Opposition Whip April 23, 2012 - Present Progressive Conservative Party (2012-2017), United Conservative Party (2017-Present) Ric McIver
100%
Calgary-East N/A May 5, 2015 - Present Alberta New Democratic Party Robyn Luff
100%
Edmonton-Ellerslie N/A May 5, 2015 - Present Alberta New Democratic Party Rod Loyola
100%
Fort McMurray-Wood Buffalo N/A May 5, 2015 - Present Wildrose Party (2015-2017), United Conservative Party (2017-Present) Tany Yao
100%
Edmonton-South West N/A May 5, 2015 - Present Alberta New Democratic Party Thomas Dang
100%
Grand Prairie-Smoky N/A May 5, 2015 - Present Wildrose Party (2015-2017), United Conservative Party (2017-Present) Todd Loewen
100%
Spruce Grove-St. Albert N/A May 5, 2015 - Present Alberta New Democratic Party Trevor Horne
100%
Highwood N/A May 5, 2015 - Present Wildrose Party (2015-2017), United Conservative Party (2017-Present) Wayne Anderson
100%
Sherwood Park Parliamentary Secretary to the Minister of Education May 5, 2015 - Present Alberta New Democratic Party Annie McKitrick
50%
Calgary-Currie N/A May 5, 2015 - Present Alberta New Democratic Party Brian Malkinson
50%
Athabasca-Sturgeon-Redwater N/A May 5, 2015 - Present Alberta New Democratic Party Colin Piquette
50%
Lac La Biche-St. Paul-Two Hills N/A May 5, 2015 - Present Wildrose Party (2015-2017), United Conservative Party (2017-Present) Dave Hanson
50%
Calgary-Bow N/A May 5, 2015 - Present Alberta New Democratic Party (2015), Independent (2015-16), Alberta New Democratic Party (2016- Present) Deborah Drever
50%
Calgary-Foothills Premier, Leader of Progressive Conservative Party September 15, 2014 - May 24, 2015 Progressive Conservative Party (Hon.) Jim Prentice
50%
Calgary-Buffalo Minister of Justice and Solicitor General, Deputy Government House Leader May 5, 2015 - Present Alberta New Democratic Party (Hon.) Kathleen Ganley
50%
Edmonton-Riverview Minister of Advanced Education, Minister of Labour, Minister of Seniors and Housing May 5, 2015 - Present Alberta New Democratic Party (Hon.) Lori Sigurdson
50%
Lethbridge-West Minister of Environment and Parks, Minister Responsible for the Climate Change Office May 5, 2015 - Present Alberta New Democratic Party (Hon.) Shannon Phillips
50%
Calgary-Fish Creek N/A May 5, 2015 - Present Progressive Conservative Party (2015-2017), United Conservative Party (2017 - Present) Richard Gotfried
50%
Bonnyville-Cold Lake N/A May 5, 2015 - Present Wildrose Party (2015-2017), United Conservative Party (2017 - Present) Scott Cyr
50%
Calgary-Glenmore N/A May 15, 2015 - Present Alberta New Democratic Party Anam Kazim
0%
Red Deer-South N/A May 5, 2015 - Present Alberta New Democratic Party Barb Miller
0%
Wetaskiwin-Camrose N/A May 5, 2015 - Present Alberta New Democratic Party Bruce Hinkley
0%
Banff-Cochrane Deputy Government Whip May 5, 2015 - Present Alberta New Democratic Party Cam Westhead
0%
Calgary-Klein N/A May 5, 2015 - Present Alberta New Democratic Party Craig Coolahan
0%
Calgary-Lougheed N/A November 22, 2004 - November 1, 2017 Progressive Conservative Party (2004-2017), United Conservative Party (2017) Dave Rodney
0%
Little Bow N/A May 5, 2015 - Present Wildrose Party (2015-2017), United Conservative Party (2017-Present) Dave Schneider
0%
Edmonton-Mill Creek N/A May 5, 2015 - Present Alberta New Democratic Party Denise Woollard
0%
Innisfail-Sylvan Lake N/A May 5, 2015 - February 5, 2018 Wildrose Party (2015-2017), United Conservative Party (2017-2018), Independent (2018) Don MacIntyre
0%
Edmonton-Whitemud N/A May 5, 2015 - Present Alberta New Democratic Party (Dr.) Bob Turner
0%
Vermilion-Lloydminster Minister of Tourism, Parks, and Recreation April 23, 2012 - Present Progressive Conservative Party (Dr.) Richard Starke
0%
West Yellowhead N/A May 5, 2015 - Present Alberta New Democratic Party Eric Rosendahl
0%
Barrhead-Morinville-Westlock N/A May 5, 2015 - Present Wildrose Party (2015-2017), United Conservative Party (2017 - Present) Glenn van Dijken
0%
Calgary-Shaw N/A May 5, 2015 - Present Alberta New Democratic Party Graham Sucha
0%
Cardston-Taber-Warner N/A May 5, 2015 - Present Wildrose Party (2015-2017), United Conservative Party (2017-Present) Grant Hunter
0%
Calgary-Acadia Associate Minister of Health May 5, 2015 - Present Alberta New Democratic Party (Hon.) Brandy Payne
0%
Dunvegan-Central Peace-Notley Minister of Energy May 5, 2015 - Present Alberta New Democratic Party (Hon.) Marg McCuaig-Boyd
0%
Fort Saskatchewan-Vegreville Parliamentary Secretary to the Minister of Economic Development and Trade for Small Business May 5, 2015 - Present Alberta New Democratic Party Jessica Littlewood
0%
Red Deer-North N/A May 5, 2015-Present Alberta New Democratic Party Kim Schreiner
0%
Lethbridge-East N/A May 5, 2015 - Present Alberta New Democratic Party Maria Fitzpatrick
0%
Drayton Valley-Devon N/A May 5, 2015 - Present Wildrose Party (2015-2017), United Conservative Party (2017-Present) Mark Smith
0%
Calgary-West N/A October 27, 2014 - Present Progressive Conservative Party (2014-2017), United Conservative Party (2017-Present) Mike Ellis
0%
Calgary-Greenway Official Opposition Deputy Whip April 12, 2016 - Present Progressive Conservative Party (2016-2017), United Conservative Party (2017-Present) Prab Gill
0%
Calgary-South East N/A April 23, 2012 - Present Progressive Conservative Party (2012-2017), United Conservative Party (2017), Independent (2017-18), Alberta Party (2018-Present) Rick Fraser
0%
Drumheller-Stettler N/A April 23, 2012 - Present Wildrose Party (2012-2017), United Conservative Party (2017-Present) Rick Strankman
0%
Lacombe-Ponoka N/A May 5, 2015 - Present Wildrose Party (2015-2017), United Conservative Party (2017-Present) Ron Orr
0%
Grand Prairie-Wapiti Minister of Transportation March 3, 2008 - Present Progressive Conservative Party (2008-2017), United Conservative Party (2017-Present) Wayne Drysdale
0%
Battle River-Wainright N/A May 5, 2015 - Present Wildrose Party (2015-2017), United Conservative Party (2017 - Present) Wes Taylor
0%
No matching quizzes found
Score Distribution
Percent of People with Each Score
Percentile by Number Answered
Your Score History
You have not taken this quiz